000 00649nam a2200181Ia 4500
008 090630s9999 xx 000 0 und d
082 _b26060
100 _aमहानोर ना. धो.
245 _aगंगा वाहू दे निर्मळ.
_cमहानोर ना. धो.
260 _bपॉप्युलर.
_c2007
300 _a58
600 _aमहानोर ना. धो.
630 _aगंगा वाहू दे निर्मळ.
655 _aकाव्य.
700 _aमहानोर ना. धो.
730 _aगंगा वाहू दे निर्मळ.
942 _cBOOK
999 _c277916
_d277916